[Event "Eastern Asia-ch U14"]
[Site "Tornelo INT"]
[Date "2021.10.31"]
[Round "7"]
[White "Allen, Varghese"]
[Black "Galia, Aaryan"]
[Result "1-0"]
[WhiteElo "1117"]
[BlackElo "1487"]
[PlyCount "83"]
[EventDate "2021.10.29"]
[EventType "swiss"]
[EventRounds "9"]
[EventCountry "NET"]
[SourceTitle "EXT 2023"]
[Source "ChessBase"]
[SourceDate "2022.10.05"]
[SourceVersion "1"]
[SourceVersionDate "2022.10.05"]
[SourceQuality "1"]

1. e4 e5 2. Nf3 Nc6 3. Bc4 Bc5 4. c3 Nf6 5. d3 h6 6. 0-0 0-0 7. b4 Bb6 8. a4 a6 9. Ba3 Re8 10. Qb3 Kh7 11. Bxf7 Rh8 12. Qc2 d6 13. Nbd2 Qe7 14. Bb3 Be6 15. d4 Bxb3 16. Nxb3 Rhe8 17. Rad1 Kh8 18. d5 Nd8 19. c4 Nf7 20. c5 dxc5 21. bxc5 Ba7 22. Nh4 Kh7 23. Nf5 Qd7 24. Kh1 Ng5 25. f4 Nf7 26. fxe5 Nxe5 27. Nbd4 Kh8 28. Ne6 c6 29. Bb2 Bb8 30. Nexg7 Rg8 31. d6 Ne8 32. Bxe5 Nxg7 33. Nxg7 Rxg7 34. Rf8+ Kh7 35. Bxg7 Kxg7 36. Rdf1 Qe6 37. Qc3+ Kh7 38. Qh8+ Kg6 39. R8f6+ Qxf6 40. Rxf6+ Kg5 41. Qxh6+ Kg4 42. Rf4# 1-0

[Event "Eastern Asia-ch U14"]
[Site "Tornelo INT"]
[Date "2021.10.30"]
[Round "6"]
[White "Galia, Aaryan"]
[Black "Chia, Zhi Kai Aaron"]
[Result "0-1"]
[WhiteElo "1487"]
[BlackElo "1146"]
[PlyCount "134"]
[EventDate "2021.10.29"]
[EventType "swiss"]
[EventRounds "9"]
[EventCountry "NET"]
[SourceTitle "EXT 2023"]
[Source "ChessBase"]
[SourceDate "2022.10.05"]
[SourceVersion "1"]
[SourceVersionDate "2022.10.05"]
[SourceQuality "1"]

1. e4 c5 2. Nf3 e6 3. c3 d6 4. d4 cxd4 5. cxd4 Nc6 6. Nc3 Nf6 7. Bc4 Nxe4 8. Nxe4 d5 9. Bxd5 exd5 10. Nc3 Be7 11. 0-0 Bg4 12. Re1 0-0 13. Qd3 Nb4 14. Qd1 Bxf3 15. gxf3 Bd6 16. a3 Nc6 17. Be3 Qh4 18. Nxd5 Qxh2+ 19. Kf1 Rfe8 20. Qd3 Qh5 21. Nc3 Qxf3 22. Qd1 Qf5 23. Ke2 Rad8 24. Rg1 Bf4 25. d5 Qh5+ 26. Ke1 Qe5 27. Qg4 Nd4 28. Kd1 Bxe3 29. fxe3 Nf5 30. Kc1 Nxe3 31. Qh3 Nxd5 32. Nxd5 Qxd5 33. Qg3 Qe5 34. Qg2 Rc8+ 35. Kb1 Qe4+ 36. Qxe4 Rxe4 37. Ka2 Re2 38. Rab1 Rcc2 39. Rgd1 Red2 40. Re1 g6 41. Re7 h5 42. Rxb7 h4 43. Rh1 g5 44. Rb5 f6 45. Rb4 Kf7 46. Rb7+ Kg6 47. Rxa7 Rxb2+ 48. Ka1 Ra2+ 49. Kb1 Rdb2+ 50. Kc1 Rb3 51. Rf1 Rbxa3 52. Rxa3 Rxa3 53. Kd2 f5 54. Ke2 g4 55. Rd1 h3 56. Rh1 Kg5 57. Kf2 g3+ 58. Ke2 Kg4 59. Rf1 f4 60. Kd2 f3 61. Kc2 g2 62. Rg1 f2 63. Rxg2+ hxg2 64. Kb2 Re3 65. Kc2 f1Q 66. Kd2 Qf2+ 67. Kd1 Re1# 0-1